| 000 | 01374nam a22002897a 4500 | ||
|---|---|---|---|
| 005 | 20240530110337.0 | ||
| 008 | 141021s2010 ua gr 100 0 ara d | ||
| 017 |
_a3648/2011 _bمصر . دار الكتب |
||
| 020 | _a9789773134051 | ||
| 040 | _aEG-CaGPL | ||
| 082 | 0 | 4 |
_221 _a324.6962 _bق/م أ |
| 111 | 0 | _aالجمعية المصرية للنهوض بالمشاركة المجتمعية | |
| 245 | 1 | 2 |
_aالمؤتمر السنوى الثانى عن حالة الديمقراطية فى مصر يوليو 2010 : _bالانتخابات وتداول السلطة فى مصر / _cالجمعية المصرية للنهوض بالمشاركة المجتمعية ؛ تحرير مدحت الزاهد |
| 250 | _aط1 | ||
| 260 |
_aالقاهرة : _bالجمعية المصرية للنهوض بالمشاركة المجتمعية ، _c2010 |
||
| 300 |
_a274 ص ؛ _c24 سم |
||
| 650 | 0 | 4 |
_aالانتخابات _zمصر |
| 650 | 0 | 4 | _aالتصويت |
| 650 | 0 | 4 |
_aحق الانتخاب _zمصر |
| 650 | 0 | 4 | _aالعلوم السياسية |
| 650 | 0 | 4 |
_aالانتخابات _xحملات _zمصر |
| 651 | 0 | 4 |
_aمصر _xالاحوال السياسية |
| 700 | 0 |
_aمدحت الزاهد _eمحرر |
|
| 711 | _aالمؤتمر السنوى الثانى عن حالة الديمقراطية فى مصر يوليو 2010 | ||
| 942 |
_2ddc _cBK |
||
| 999 |
_c59811 _d59811 |
||